000
00256nam a2200085Ia 4500
245
0
_a
Die geheime wereld van fee
100
_a
KINCAID, Eric Kaapstad, 2003 1ste Afrikaanse uitgawe
_9
104589
942
_c
BK
008
210818s9999 xx 000 0 und d
999
_c
473344
_d
473343